| 000 | 00570nam a22001937a 4500 | ||
|---|---|---|---|
| 003 | OSt | ||
| 005 | 20160120151820.0 | ||
| 008 | 130122t xxu||||| |||| 00| 0 eng d | ||
| 020 | _a9780060932138 | ||
| 050 |
_aPG 5039.21.U6 _b.K9621999 |
||
| 082 |
_aHS 808.3 _bKU95 1984 |
||
| 100 |
_aKundera, Milan _91050 |
||
| 245 |
_aThe unbearable lightness of being _cMilan Kundera ; |
||
| 260 |
_aNew York, NY : _bHarperperennial Modern Classics, _c1984. |
||
| 300 |
_a314 p. ; _c 22 cm. |
||
| 650 |
_a Fiction _xNovels; stories. _915023 |
||
| 942 |
_2lcc _cBK |
||
| 999 |
_c9776 _d9776 |
||